LEADER 02302nam 2200637Ia 450 001 9910792253503321 005 20200520144314.0 010 $a9786613044525 010 $a0-19-973590-5 010 $a0-19-984263-9 010 $a1-283-04452-8 035 $a(CKB)2560000000299201 035 $a(SSID)ssj0000472196 035 $a(PQKBManifestationID)11323249 035 $a(PQKBTitleCode)TC0000472196 035 $a(PQKBWorkID)10428993 035 $a(PQKB)10622493 035 $a(StDuBDS)EDZ0000077249 035 $a(MiAaPQ)EBC3054079 035 $a(Au-PeEL)EBL3054079 035 $a(CaPaEBR)ebr10457982 035 $a(CaONFJC)MIL304452 035 $a(OCoLC)741648214 035 $a(MiAaPQ)EBC7034986 035 $a(Au-PeEL)EBL7034986 035 $a(PPN)154215457 035 $a(EXLCZ)992560000000299201 100 $a20100611d2011 uy 0 101 0 $aeng 135 $aur||||||||||| 181 $ctxt 182 $cc 183 $acr 200 10$aPolitical parties, business groups, and corruption in developing countries$b[electronic resource] /$fVineeta Yadav 210 $aOxford ;$aNew York $cOxford University Press$dc2011 215 $a1 online resource 300 $aBibliographic Level Mode of Issuance: Monograph 311 $a0-19-973591-3 311 $a0-19-989478-7 320 $aIncludes bibliographical references and index. 330 8 $aPolitical corruption is one of the globe's most pressing yet seemingly permanent problems. It is a root cause of low growth and inequality, and plagues numerous nations throughout the world to varying degrees. This book examines corruption levels in sixty-four developing democracies over a twenty-year period. 606 $aBusiness and politics$zDeveloping countries 606 $aPolitical corruption$zDeveloping countries 606 $aPolitical parties$zDeveloping countries 615 0$aBusiness and politics 615 0$aPolitical corruption 615 0$aPolitical parties 676 $a324.209172/4 700 $aYadav$b Vineeta$01535476 801 0$bMiAaPQ 801 1$bMiAaPQ 801 2$bMiAaPQ 906 $aBOOK 912 $a9910792253503321 996 $aPolitical parties, business groups, and corruption in developing countries$93783725 997 $aUNINA LEADER 02044nam0 22003373i 450 001 TO00324173 005 20251003044404.0 020 $aIT$b838413 100 $a19941011d1982 ||||0itac50 ba 101 | $aita 102 $ait 181 1$6z01$ai $bxxxe 182 1$6z01$an 183 1$6z01$anc$2RDAcarrier 200 1 $aCee, Mezzogiorno, Mediterraneo$enuove prospettive di cooperazione economica$eatti del Convegno internazionale di studio organizzato dalla Facolta di Economia e Commercio dell'Università di Catania, in collaborazione con l'Ufficio per l'Italia della Commissione CEE, la Fondazione Politecnica del Mediterraneo di Catania e la FOCSIV di Milano (Catania, 4-5 dicembre 1981)$fa cura di Giulio Querini 210 $aNapoli$cEdizioni scientifiche italiane$d[1982] 215 $a324 p.$d21 cm. 676 $a330$9ECONOMIA$v23 676 $a337.142$9$v21 676 $a338.945$9SVILUPPO ECONOMICO E POLITICHE DI SVILUPPO. Italia$v20 702 1$aQuerini$b, Giulio$3CFIV026248 801 3$aIT$bIT-000000$c19941011 850 $aIT-BN0095 $aIT-NA0079 $aIT-NA0452 901 $bNAP BN$cSEZ.NAP. $n$ 901 $bNAP 01$cPOZZO LIB.$nVi sono collocati fondi di economia, periodici di ingegneria e scienze, periodici di economia e statistica e altri fondi comprendenti documenti di economia pervenuti in dono. 901 $bNAP IS$cIREM $nSezione di economia dell'ex Istituto di ricerca sull'economia del Mediterraneo 912 $aTO00324173 950 0$aBiblioteca Centralizzata di Ateneo$b2 v.$c1 v. in 2 copie$d 01POZZO LIB.ECON MON 7304$e 0101 0000109315E VMA 1 v. (Precedente collocazione Guerrazzi A 0416)$fB $h20091214$i20091214$b2 v.$c1 v. in 2 copie$d 01POZZO LIB.ECON MON 7304$e 0101 0700245685E VMA (bis 1 v. (2 copia. - Precedente collocazione 24 EC 568)$fB $h20220802$i20220802 977 $a 01$a BN$a IS 996 $aCee, Mezzogiorno, Mediterraneo$967345 997 $aUNISANNIO